00730nam a2200205Ia 4500008004100000020001500041020001800056040001800074041000800092060001500100100003100115245016300146260006100309300003200370500002200402650003100424650002800455650001600483650002500499130821s2004 sp a gr spa  a8497002105 a9788497002103 aCo-BoUCMbspa00aspa aWS 1055.C81 aArriaza Mayas, Juan Carlos00aCuentos para estimular el habla cuentos para la estimulación del hablabpraxias, discriminación auditiva, ritmo, vocabulario, comprensión y expresión aMálaga (Andalucía, España)bEdiciones Aljibec2004 a89 páginasbilustraciones aIncluye índice.04aAdquisición del lenguaje04aDesarrollo del lenguaje04aPediatría04aPsicolingüística